| 000 | 00704nam a2200169Ia 4500 | ||
|---|---|---|---|
| 008 | 100122s9999 xx 000 0 und d | ||
| 082 |
_b35878 _a294.5924 |
||
| 100 | _aदेवस्थळी गो वि | ||
| 245 | _aगीता प्रवेश ( क.क्र.21/2 ) | ||
| 260 |
_bप्रज्ञा पाठशाळा मंडळ _c1905 |
||
| 300 | _a148 | ||
| 520 | _aकै.मा.सी.पेंढारकर ग्रंथभेट | ||
| 620 | _aकै.मा.सी.पेंढारकर ग्रंथभेट | ||
| 630 | _aगीता प्रवेश ( क.क्र.21/2 ) | ||
| 730 | _aगीता प्रवेश ( क.क्र.21/2 ) | ||
| 942 | _cBOOK | ||
| 999 |
_c418934 _d418931 |
||